000 00853cam a2200253 4500
008 031121n2002 000 0 eng u
020 _a0743225511
035 _a(Sirsi) u124414
041 _aeng
050 _a658.4
_c18
100 _aMaister,David H.
245 _aFirst among equals
_bhow to manage a group of professionals
260 _aNew York
_bFree Press
_c2002
300 _axxix, 290p. $2 5cm.
350 _a17.99
520 _aThis is an accessible guide to leadership, offering practical lessons and case studies. Provides chapters on how to inspire your staff, training, dealing with difficult staff and team building.
650 _aLEADERSHIP
650 _aTEAM LEADERS
650 _aTEAM BUILDING
650 _aPEOPLE MANAGEMENT
690 _aMANAGEMENT-BUSINESS MANAGEMENT
700 _aMcKenna, Patrick
942 _n0
999 _c103223
_d103223